Stany USA Graniczące z Kanadą - Statystyki

Ogólne statystyki
  • Ten quiz został rozwiązany 24 razy
    23 od ostatniego zresetowania
  • Średni wynik to 8 z 13
Statystyki odpowiedzi
Prowincja Kanadyjska Stan USA % Poprawnych
Jukon Alaska
79%
Ontario Michigan
79%
Nowy Brunszwik/Quebec Maine
74%
Alberta/Saskatchewan/British Columbia Montana
68%
Manitoba/Saskatchewan Dakota Północna
63%
British Columbia (70km) Idaho
63%
Quebec Vermont
63%
Quebec (60km) New Hampshire
58%
Quebec/Ontario Nowy Jork
58%
Ontario (Przy Toronto) Pensylwania
58%
Ontario/Manitoba Minnesota
53%
Ontario (Przy London) Ohio
53%
British Columbia Washington
37%
Nie znaleziono quizów pasujących do podanych kryteriów
Rozkład punktacji
Procent ludzi z każdym wynikiem
Percentyl według liczby udzielonych odpowiedzi
Twoja historia wyników
Nie rozwiązałeś tego quizu od ostatniego zresetowania